LEADER 01658nam--2200397---450- 001 990000669620203316 005 20100723102123.0 010 $a88-13-18966-4 035 $a0066962 035 $aUSA010066962 035 $a(ALEPH)000066962USA01 035 $a0066962 100 $a20011011d1994----km-y0itay0103----ba 101 $aita 102 $aIT 105 $a||||||||001yy 200 1 $aStruttura e governo dell'impresa$everso la formulazione di un modello quantitativo per l'analisi dei processi di sviluppo$fGaetano M. Golinelli 205 $a3. ed. 210 $aPadova$cCEDAM$d1994 215 $aXIV, 411 p.$d25 cm 225 2 $aCollana di studi di tecnica aziendale$fUniversità degli Studi di Roma "La Sapienza", Facoltà di economia e commercio, Istituto di economia e tecnica delle imprese industriali, commerciali e di pubblica utilità$v2 410 $12001$aCollana di studi di tecnica aziendale$fUniversità degli Studi di Roma "La Sapienza", Facoltà di economia e commercio, Istituto di economia e tecnica delle imprese industriali, commerciali e di pubblica utilità$v2 606 0 $aAziende$xGestione finanziaria 676 $a658.152 700 1$aGOLINELLI,$bGaetano M.$03341 801 0$aIT$bsalbc$gISBD 912 $a990000669620203316 951 $aXXX.B. Coll. 109/ 5 (X 20 L 2)$b4760 EC$cXXX.B. Coll. 109/ 5 (X 20 L)$d00274186 959 $aBK 969 $aECO 979 $aPATTY$b90$c20011011$lUSA01$h2319 979 $c20020403$lUSA01$h1716 979 $aPATRY$b90$c20040406$lUSA01$h1646 979 $aRSIAV4$b90$c20100723$lUSA01$h1021 996 $aStruttura e governo dell'impresa$963406 997 $aUNISA LEADER 04329nam 2200637Ia 450 001 9910829880103321 005 20230721005807.0 010 $a1-282-16515-1 010 $a9786612165153 010 $a0-470-61134-0 010 $a0-470-39395-5 035 $a(CKB)2550000000005862 035 $a(EBL)477650 035 $a(OCoLC)593311017 035 $a(SSID)ssj0000343434 035 $a(PQKBManifestationID)11286416 035 $a(PQKBTitleCode)TC0000343434 035 $a(PQKBWorkID)10289874 035 $a(PQKB)11065037 035 $a(MiAaPQ)EBC477650 035 $a(EXLCZ)992550000000005862 100 $a20080227d2008 uy 0 101 0 $aeng 135 $aur|n|---||||| 181 $ctxt 182 $cc 183 $acr 200 10$aSwitching processes in queueing models$b[electronic resource] /$fVladimir V. Anisimov 210 $aLondon ;$aISTE ;$aHoboken, NJ $cJohn Wiley & Sons$d2008 215 $a1 online resource (347 p.) 225 1 $aISTE ;$vv.47 300 $aDescription based upon print version of record. 311 $a1-84821-045-0 320 $aIncludes bibliographical references and index. 327 $aSwitching Processes in Queueing Models; Contents; Preface; Definitions; Chapter 1. Switching Stochastic Models; 1.1. Random processes with discrete component; 1.1.1. Markov and semi-Markov processes; 1.1.2. Processes with independent increments and Markov switching; 1.1.3. Processes with independent increments and semi-Markov switching; 1.2. Switching processes; 1.2.1. Definition of switching processes; 1.2.2. Recurrent processes of semi-Markov type (simple case); 1.2.3. RPSM with Markov switching; 1.2.4. General case of RPSM; 1.2.5. Processes with Markov or semi-Markov switching 327 $aChapter 3. Processes of Sums of Weakly-dependent Variables3.1. Limit theorems for processes of sums of conditionally independent random variables; 3.2. Limit theorems for sums with Markov switching; 3.2.1. Flows of rare events; 3.2.1.1. Discrete time; 3.2.1.2. Continuous time; 3.3. Quasi-ergodic Markov processes; 3.4. Limit theorems for non-homogenous Markov processes; 3.4.1. Convergence to Gaussian processes; 3.4.2. Convergence to processes with independent increments; 3.5. Bibliography; Chapter 4. Averaging Principle and Diffusion Approximation for Switching Processes; 4.1. Introduction 327 $a4.2. Averaging principle for switching recurrent sequences4.3. Averaging principle and diffusion approximation for RPSMs; 4.4. Averaging principle and diffusion approximation for recurrent processes of semi-Markov type (Markov case); 4.4.1. Averaging principle and diffusion approximation for SMP; 4.5. Averaging principle for RPSM with feedback; 4.6. Averaging principle and diffusion approximation for switching processes; 4.6.1. Averaging principle and diffusion approximation for processes with semi-Markov switching; 4.7. Bibliography 327 $aChapter 5. Averaging and Diffusion Approximation in Overloaded Switching Queueing Systems and Networks 330 $aSwitching processes, invented by the author in 1977, is the main tool used in the investigation of traffic problems from automotive to telecommunications. The title provides a new approach to low traffic problems based on the analysis of flows of rare events and queuing models. In the case of fast switching, averaging principle and diffusion approximation results are proved and applied to the investigation of transient phenomena for wide classes of overloading queuing networks. The book is devoted to developing the asymptotic theory for the class of switching queuing models which covers mode 410 0$aISTE 606 $aTelecommunication$xSwitching systems$xMathematical models 606 $aTelecommunication$xTraffic$xMathematical models 606 $aQueuing theory 615 0$aTelecommunication$xSwitching systems$xMathematical models. 615 0$aTelecommunication$xTraffic$xMathematical models. 615 0$aQueuing theory. 676 $a519.8/2 676 $a519.82 700 $aAnisimov$b V. V$g(Vladimir Vladislavovich)$01713524 801 0$bMiAaPQ 801 1$bMiAaPQ 801 2$bMiAaPQ 906 $aBOOK 912 $a9910829880103321 996 $aSwitching processes in queueing models$94106570 997 $aUNINA LEADER 01956nam 2200589 a 450 001 9910958788503321 005 20250416110753.0 010 $a9781607804895 010 $a1607804891 035 $a(CKB)2560000000010324 035 $a(EBL)535641 035 $a(OCoLC)645093651 035 $a(SSID)ssj0000671961 035 $a(PQKBManifestationID)11428725 035 $a(PQKBTitleCode)TC0000671961 035 $a(PQKBWorkID)10633802 035 $a(PQKB)11355020 035 $a(OCoLC)712989994 035 $a(MiAaPQ)EBC535641 035 $a(Au-PeEL)EBL535641 035 $a(CaPaEBR)ebr10389237 035 $a(FR-PaCSA)45005129 035 $a(FRCYB45005129)45005129 035 $a(EXLCZ)992560000000010324 100 $a20150403h20101993 uy 0 101 0 $aeng 135 $aur|n|---||||| 181 $ctxt 182 $cc 183 $acr 200 10$aBolivia $ecommunications /$fWorld Trade Press 205 $a2nd ed. 210 $aPetaluma, Calif. $cWorld Trade Press$dc1993-2010 [2010] 215 $a1 online resource (25 p.) 300 $aCover title. 330 $aGet all three comprehensive reports bundled into one for a complete media and communications profile of Bolivia. An excellent source of practical information, this profile offers an extensive dialing guide with city codes, a listing of ISPs and Internet cafes, profiles of the major media outlets (with contact info!) and more. 606 $aCommunication$zBolivia 606 $aCommunication and traffic$zBolivia 606 $aTelecommunication$zBolivia 606 $aMobile communication systems$zBolivia 615 0$aCommunication 615 0$aCommunication and traffic 615 0$aTelecommunication 615 0$aMobile communication systems 676 $a384.3 801 0$bMiAaPQ 801 1$bMiAaPQ 801 2$bMiAaPQ 906 $aBOOK 912 $a9910958788503321 996 $aBolivia$91250464 997 $aUNINA